000 00579cam a2200229 4500
001 J60430
008 000000n2000 000 0 eng u
035 _a(Sirsi) u104584
041 _aeng
050 _a711.552
110 _aKnight Frank
_91530
245 _aRetail review - January 2000
260 _aLondon
_bKnight Frank
_c2000
300 _a1pt. ; 30cm.
350 _a0
650 _aHOME SHOPPING
650 _aRETAIL PROPERTY
650 _aRETAIL REVIEW
650 _aVIRTUAL SHOPPING
690 _aPROPERTY-COMMERCIAL PROPERTY-RETAIL PROPERTY
942 _n0
999 _c100267
_d100267